000 00509nam a22001577a 4500
003 NUST
082 _a200
100 _aFatima, Manal
_997780
245 _aHardware Trojan Detection in Approximate Circuits Using Side Channel Analysis /
_cManal Fatima
264 _aIslamabad :
_bSEECS, NUST,
_c2022.
300 _a42 p. ;
650 _aMS-Electrical Engineering
_923567
700 _aSupervisor: Dr. Osman Hasan
_997781
856 _uhttp://10.250.8.41:8080/xmlui/handle/123456789/30078
942 _2ddc
_cSC
999 _c591167
_d591167